Circuit analysis of A-C power systems
This book provides a thorough, engaging introduction to the theory, design, and analysis of electrical circuits.
Сохранить в:
| Главный автор: | |
|---|---|
| Формат: | |
| Язык: | Undetermined |
| Опубликовано: |
New York
J. Wiley & sons, inc
1943
|
| Предметы: | |
| Метки: |
Добавить метку
Нет меток, Требуется 1-ая метка записи!
|
| Thư viện lưu trữ: | Trung tâm Học liệu Trường Đại học Cần Thơ |
|---|
| LEADER | 00689nam a2200193Ia 4500 | ||
|---|---|---|---|
| 001 | CTU_186770 | ||
| 008 | 210402s9999 xx 000 0 und d | ||
| 082 | |a 621.3133 | ||
| 082 | |b C592/Vol.1 | ||
| 100 | |a Clarke, Edith | ||
| 245 | 0 | |a Circuit analysis of A-C power systems | |
| 245 | 0 | |c Edith Clarke | |
| 260 | |a New York | ||
| 260 | |b J. Wiley & sons, inc | ||
| 260 | |c 1943 | ||
| 520 | |a This book provides a thorough, engaging introduction to the theory, design, and analysis of electrical circuits. | ||
| 650 | |a Electric currents, Alternating,Electric circuits,Dòng điện, Xen,Mạch điện | ||
| 904 | |i Trúc | ||
| 980 | |a Trung tâm Học liệu Trường Đại học Cần Thơ | ||